000 00473nam a2200181Ia 4500
001 20284
005 20260306172755.0
008 260306t2006||||xx |||||||||||||| ||spa||
041 _aESP
082 _a343.1
_bL22
100 _aLanda Arroyo, César
_eAUT
245 0 _aConstitución y fuentes del derecho:
_bderechos - jurisdicción - democracia
260 _c2006
300 _a590 páginas :
_c24 cm.
650 _aGEN
654 _aCDE
942 _cLIB
_dJUS
_fJUS
_2ddc
_n
999 _c20284
_d20284